000 00541nam a2200169 i 4500
001 82993
003 ES-MaACL
005 20230906174749.0
007 t|
008 041112s1979 sp ||||1| spa d
245 0 0 _aEstadística de bibliotecas
_b: año 1977 /
_cInstituto Nacional de Estadística.
260 _aMadrid :
_b[s.n.],
_c1979.
300 _a30 p. ;
_c27 cm.
650 4 _aBibliotecas-
_zEspaña-
_vEstadísticas.
_9161524
710 2 _aInstituto Nacional de Estadística (España)
_95162
852 _aES-MaACL
_j2109-F-37
_bR.99159
999 _c82993
_d82993